[Event "2nd Open"]
[Site "Porto Carras GRE"]
[Date "2005.04.26"]
[Round "6"]
[White "Obodchuk,A"]
[Black "Bergez,L"]
[Result "1-0"]
[WhiteElo "2442"]
[BlackElo "2327"]

1.d4 Nf6 2.c4 e6 3.Nf3 d5 4.Nc3 c6 5.e3 Nbd7 6.Qc2 Bd6 7.Bd3 dxc4 8.Bxc4 a6
9.O-O O-O 10.Rd1 b5 11.Be2 Qc7 12.e4 e5 13.g3 Re8 14.a3 exd4 15.Nxd4 Be5
16.Bf3 c5 17.Nf5 c4 18.Nd5 Nxd5 19.exd5 Bb7 20.Bg5 Nc5 21.Rab1 f6 22.Be3 Rad8
23.Nd4 Nd3 24.Nc6 Bxc6 25.dxc6 Bd4 26.Bxd4 Rxd4 27.b3 Ne5 28.Bg2 Nxc6 29.bxc4 bxc4
30.Bd5+ Kh8 31.Qa4 Rd8 32.Bxc6 Rxd1+ 33.Rxd1 Rxd1+ 34.Qxd1 c3 35.Be4 g6 36.Bc2 Kg7
37.a4 a5 38.Qd5 Qb6 39.h4 Qb2 40.Qe4 Kf7 41.Kg2 f5 42.Qd5+ Kf6 43.Bb3 Ke7
44.Qe5+ Kd7 45.Be6+ Kc6 46.Qd5+ Kc7 47.Qxa5+ Kd6 48.Qd5+ Ke7 49.Qe5 Qd2 50.Bxf5+  1-0

[Event "Open"]
[Site "Lenk SUI"]
[Date "2005.04.27"]
[Round "5"]
[White "Tukmakov,V"]
[Black "Videki,S"]
[Result "1-0"]
[WhiteElo "2558"]
[BlackElo "2405"]

1.Nf3 Nf6 2.c4 c6 3.Nc3 d5 4.e3 e6 5.d4 Nbd7 6.Qc2 Bd6 7.Bd3 O-O 8.O-O dxc4
9.Bxc4 a6 10.Rd1 b5 11.Be2 Qc7 12.Ne4 Nxe4 13.Qxe4 e5 14.Qc2 Bb7 15.Bd2 exd4
16.exd4 c5 17.dxc5 Nxc5 18.Be3 Rac8 19.Qf5 Be4 20.Qh3 Qe7 21.Rac1 Bg6 22.Nd4 f5
23.b4 Ne4 24.Rxc8 Rxc8 25.Nxf5 Bxf5 26.Qxf5 Rd8 27.Rd4 Nf6 28.Qd3 Bc7 29.Rxd8+ Bxd8
30.Bf3 Bc7 31.a3 Be5 32.g3 h6 33.Qf5 Qc7 34.Qe6+  1-0

[Event "TCh-RUS w"]
[Site "Sochi RUS"]
[Date "2005.04.29"]
[Round "11"]
[White "Zhukova,N"]
[Black "Sudakova,I"]
[Result "1-0"]
[WhiteElo "2479"]
[BlackElo "2387"]

1.d4 d5 2.c4 e6 3.Nc3 c6 4.e3 Nf6 5.Nf3 Nbd7 6.Qc2 Bd6 7.g4 dxc4 8.Bxc4 b6
9.e4 Bb7 10.e5 c5 11.exf6 Bxf3 12.fxg7 Rg8 13.Qxh7 Ke7 14.O-O cxd4 15.Nb5 Be5
16.Bg5+ f6 17.Rfe1 fxg5 18.Bxe6 Rxg7 19.Qf5 Qf8 20.Bxd7 Qxf5 21.Bxf5 Kf6
22.Rxe5 Kxe5 23.Re1+ Kd5 24.Be6+ Kc5 25.Re5+ Kc6 26.Nxd4+ Kd6 27.Re3 Rf8
28.Nxf3 Rxf3 29.Rxf3 Kxe6 30.Rf5  1-0

[Event "Open A"]
[Site "Djakovo CRO"]
[Date "2005.05.02"]
[Round "2"]
[White "Karahmetovic,A"]
[Black "Rogic,D"]
[Result "0-1"]
[WhiteElo "2254"]
[BlackElo "2499"]

1.d4 d5 2.Nf3 Nf6 3.c4 c6 4.e3 e6 5.Nc3 Nbd7 6.Qc2 Bd6 7.g4 h6 8.h3 dxc4
9.Bxc4 b5 10.Bd3 Bb7 11.e4 e5 12.dxe5 Nxe5 13.Nxe5 Bxe5 14.Be3 Qc7 15.Ne2 g5
16.Nd4 O-O-O 17.Nb3 a6 18.O-O-O Nd7 19.h4 Bf4 20.Nc5 Bxe3+ 21.fxe3 Qg3 22.Nxd7 Rxd7
23.hxg5 Qxe3+ 24.Kb1 Qxg5 25.e5 Kc7 26.Bf5 Rxd1+ 27.Rxd1 Rd8 28.Rxd8 Qxd8
29.Qc1 Qd4 30.Qxh6 Qxe5 31.Qf8 f6 32.b3 c5 33.Qf7+ Kb6 34.Qd7 Be4+ 35.Bxe4 Qxe4+
36.Kc1 Qd4 37.Qe6+ Ka5 38.Kb1 Qg1+ 39.Kb2 Qf2+ 40.Kb1 Kb4 41.Qxa6 Kc3  0-1

[Event "SME Open"]
[Site "Ostrava CZE"]
[Date "2005.05.02"]
[Round "3"]
[White "Rojicek,V"]
[Black "Pecha,T"]
[Result "1-0"]
[WhiteElo "2095"]
[BlackElo "1843"]

1.d4 d5 2.c4 c6 3.Nf3 Nf6 4.Nc3 e6 5.e3 Nbd7 6.Qc2 Be7 7.Bd3 dxc4 8.Bxc4 b5
9.Bd3 Bb7 10.e4 Nb6 11.O-O h6 12.a3 a5 13.Bd2 O-O 14.Na2 Re8 15.b4 a4 16.Rfd1 Bf8
17.Bf4 Rc8 18.Rac1 g5 19.Be3 Bg7 20.Nc3 Re7 21.h3 Qc7 22.Qe2 Qd8 23.Nh2 Nh7
24.e5 Nf8 25.Qh5 Nd5 26.Ng4 Nxe3 27.fxe3 Rd7 28.Nxh6+ Bxh6 29.Qxh6 Rcc7 30.Ne4 Nh7
31.Nc5 Nf8 32.Nxd7 Rxd7 33.Rf1 Rc7 34.Rf6  1-0

[Event "Open A"]
[Site "Djakovo CRO"]
[Date "2005.05.03"]
[Round "4"]
[White "Markus,R"]
[Black "Rogic,D"]
[Result "1/2-1/2"]
[WhiteElo "2584"]
[BlackElo "2499"]

1.d4 d5 2.c4 c6 3.Nc3 Nf6 4.e3 e6 5.Nf3 Nbd7 6.Bd3 dxc4 7.Bxc4 b5 8.Bd3 Bd6
9.O-O O-O 10.Bd2 Bb7 11.Rc1 Qe7 12.Ng5 a6 13.Nce4 Nxe4 14.Nxe4 c5 15.dxc5 Bxh2+
16.Kxh2 Bxe4 17.Bxe4 Qh4+ 18.Kg1 Qxe4 19.c6 Nf6 20.Qf3 Qa4 21.a3 a5 22.Bc3 Nd5
23.Bd4 Rac8 24.Rfd1 Rfe8 25.e4 Ne7 26.Bc5 b4 27.Bxe7 Rxe7 28.Qd3 bxa3 29.bxa3 h6
30.Rc4 Qb5 31.Rdc1 Rec7 32.a4 Qb6 33.Qd6 Qb3 34.Qe5 Qb6 35.Qb5 Qa7 36.Rc5 Qa8
37.g3 Kf8 38.Kg2 Ke7 39.Qc4 Kf8 40.Qc3 Qa6 41.Rc2 Kg8 42.e5 Kf8 43.Qd4 Kg8
44.Qd6 Kh7 45.R2c4 Kg8 46.Kg1 Kh7 47.Qd2 Ra8 48.Rb5 Rac8 49.Rbc5 Kg8 50.Qc3 Ra8
51.Rb5 Qc8 52.Rxa5 Rxa5 53.Qxa5 Rxc6 54.Rxc6 Qxc6 55.Qd8+ Kh7 56.Qd3+ g6
57.a5 Qa4 58.a6 h5 59.Kg2 Kg7 60.Kh2 Qa2 61.Kg1 Qa4 62.Qd6 h4 63.gxh4 Qxh4
64.Kf1 Qa4 65.Ke2 Qa2+ 66.Ke3 Qb3+ 67.Qd3 Qa4 68.Qd6 Qb3+ 69.Kf4 Qa4+ 70.Kg3 g5
71.Kf3 Qf4+ 72.Kg2 Qa4 73.f3 g4 74.Qd3 gxf3+ 75.Kxf3 Qc6+ 76.Kf4 Qa4+ 77.Kg5 Qa5
78.Qe2 Qa4 79.Kh5 Qa5 80.Qg2+ Kh7 81.Qe4+ Kg7 82.Qe2 Qa1 83.Kg4 Qa4+ 84.Kf3 Qa3+
85.Kf2 Qa4 86.Qd3 Qa2+ 87.Kg3 Qa5 88.Qd4 Kf8 89.Qc4 Kg7 90.Kf3 Qa1 91.Ke4 Qa5
92.Kf3 Kg6 93.Qg4+ Kh6 94.Qh4+ Kg7 95.Qc4 Qd5+  1/2-1/2

[Event "Japfa Match"]
[Site "Jakarta INA"]
[Date "2005.05.04"]
[Round "3"]
[White "Dao Thien Hai"]
[Black "Megaranto,S"]
[Result "1-0"]
[WhiteElo "2609"]
[BlackElo "2489"]

1.d4 d5 2.c4 c6 3.Nc3 Nf6 4.e3 e6 5.Nf3 Nbd7 6.Qc2 Bd6 7.g4 O-O 8.Rg1 e5
9.g5 Ne4 10.Nxe4 dxe4 11.Qxe4 exd4 12.Qxd4 Qe7 13.Bd2 Ne5 14.Nh4 Ng6 15.Bc3 Qe5
16.Qxe5 Bxe5 17.Bxe5 Nxe5 18.f4 Ng4 19.Rg3 Re8 20.Ng2 h5 21.Be2 h4 22.Rxg4 h3
23.Rg3 hxg2 24.Kf2 Bf5 25.Rxg2 Rad8 26.Rd1 Rxd1 27.Bxd1 Rd8 28.Ke1 Re8 29.Kd2 Rd8+
30.Kc1 Re8 31.Rg3 g6 32.Bc2 Be6 33.b3 Kg7 34.e4 Rh8 35.f5 Bc8 36.h3 Rh4 37.Rf3 Rh5
38.Rg3 Kf8 39.Kd2 Ke7 40.Bd1 Rh8 41.Bg4 Rg8 42.h4 Kd6 43.fxg6 fxg6 44.Bxc8 Rxc8
45.Rf3 Rh8 46.Rf6+ Ke5 47.Rxg6 Rxh4 48.Rg7 Rh2+ 49.Kc3 Rxa2 50.Re7+ Kd6 51.Rxb7 Rg2
52.Rxa7 Rxg5 53.b4 c5 54.bxc5+  1-0

[Event "ch-FRA Top 16 Poule Haute"]
[Site "Port Barcares FRA"]
[Date "2005.05.04"]
[Round "8"]
[White "Tkachiev,V"]
[Black "Pelletier,Y"]
[Result "1/2-1/2"]
[WhiteElo "2605"]
[BlackElo "2610"]

1.d4 d5 2.c4 c6 3.Nc3 Nf6 4.e3 e6 5.Nf3 Nbd7 6.Bd3 dxc4 7.Bxc4 b5 8.Bd3 b4
9.Ne4 Nxe4 10.Bxe4 Bb7 11.O-O Bd6 12.Qc2 Rc8 13.Rd1 Nf6 14.Bd3 c5 15.Qe2 cxd4
16.Bb5+ Ke7 17.exd4 Bxf3 18.Qxf3 Qa5 19.Qe2 Rhd8 20.Bg5 Rb8 21.Bxf6+ Kxf6
22.Qf3+ Ke7 23.Bc4 Rbc8 24.b3 Qf5 25.Qe2 Kf8 26.Rd3 Kg8 27.Re1 Rc7 28.Re3 Qf4
29.g3 Qxd4 30.Rd1 Qf6 31.Bxe6 fxe6 32.Rxe6 Qf8 33.Rdxd6 Rxd6 34.Re8 Rf6 35.Rxf8+ Rxf8
36.Qe6+ Kh8 37.Qd6 Rcf7 38.f4 a5 39.Kg2 h6 40.Kh3 Rf5 41.Kg4 R8f6 42.Qd8+ Rf8
43.Qe7 R8f6 44.Qe3 Rf8  1/2-1/2

[Event "SME Open"]
[Site "Ostrava CZE"]
[Date "2005.05.05"]
[Round "6"]
[White "Tretina,Z"]
[Black "Didi,J"]
[Result "0-1"]
[WhiteElo "1893"]
[BlackElo "2124"]

1.d4 d5 2.c4 e6 3.Nc3 Nf6 4.Nf3 c6 5.e3 Nbd7 6.Bd3 dxc4 7.Bxc4 b5 8.Bd3 a6
9.e4 Bb7 10.O-O Be7 11.a3 c5 12.Bg5 cxd4 13.Nxd4 O-O 14.b4 Ne5 15.Bc2 Rc8
16.Nde2 Nc4 17.Ra2 Ng4 18.Qxd8 Bxd8 19.Bxd8 Rfxd8 20.h3 Nf6 21.Rfa1 Rd2 22.a4 bxa4
23.Bxa4 Rxa2 24.Rxa2 Nxe4 25.Nxe4 Bxe4 26.Nc3 Bb7 27.b5 a5 28.Ra1 Kf8 29.Ne2 e5
30.Bb3 Nd2 31.Bd1 Ra8 32.f3 Nc4 33.Nc3 Ke7 34.Be2 Nb6 35.Kf2 f5 36.g3 a4
37.Ra3 Kd6 38.Bd1 Kc5 39.Nxa4+ Kb4 40.Nxb6 Rxa3 41.Nd7 e4 42.Ne5 Kxb5 43.fxe4 fxe4
44.Nf7 Kc5 45.Ng5 Bd5 46.Nxh7 Kd4 47.Ng5 Ra2+ 48.Kf1 Bc4+ 49.Ke1 Ke3  0-1

[Event "IM"]
[Site "Ostrava CZE"]
[Date "2005.05.05"]
[Round "6"]
[White "Priborsky,J"]
[Black "Splosnov,S"]
[Result "1/2-1/2"]
[WhiteElo "2320"]
[BlackElo "2369"]

1.d4 d5 2.c4 e6 3.Nc3 c6 4.Nf3 Nf6 5.e3 Nbd7 6.Bd3 dxc4 7.Bxc4 b5 8.Bd3 b4
9.Ne4 Bb7 10.Nxf6+ Nxf6 11.O-O Be7 12.e4 O-O 13.e5 Nd7 14.Be4 Rb8 15.a3 c5
16.Bxb7 Rxb7 17.d5 exd5 18.Qxd5 Qb6 19.Nd2 Rc7 20.Nc4 Qe6 21.Rd1 Qxd5 22.Rxd5 Rb8
23.Kf1 Nb6 24.Nxb6 Rxb6  1/2-1/2

[Event "ch-FRA Top 16 Poule Haute"]
[Site "Port Barcares FRA"]
[Date "2005.05.05"]
[Round "9"]
[White "Nicoara,M"]
[Black "Collas,D"]
[Result "0-1"]
[WhiteElo "2242"]
[BlackElo "2417"]

1.d4 d5 2.c4 e6 3.Nc3 c6 4.e3 Nf6 5.Nf3 Nbd7 6.Bd3 dxc4 7.Bxc4 b5 8.Be2 Bb7
9.O-O Be7 10.e4 b4 11.e5 bxc3 12.exf6 Bxf6 13.bxc3 c5 14.Bf4 O-O 15.Bd3 cxd4
16.cxd4 Nb6 17.Be5 Rc8 18.Re1 Bd5 19.Qe2 Bc4 20.Bxc4 Rxc4 21.Nd2 Ra4 22.Nb3 Bxe5
23.Qxe5 Qd5 24.Qg3 Qf5 25.Rec1 Nd5 26.h3 h6 27.Qe5 Qxe5 28.dxe5 g5 29.Nc5 Ra3
30.Ne4 Kg7 31.Rcb1 Kg6 32.Rb7 h5 33.g3 Ra4 34.Nd6 h4 35.a3 a6 36.Kh2 hxg3+
37.fxg3 Rd4 38.Ra2 Nc3 39.Rc2 Ne4 40.Nxe4 Rxe4 41.Ra7 Rxe5 42.Rxa6 Re3 43.a4 Rb8
44.a5 Rbb3 45.Rg2 Ra3 46.Ra8 Re5 47.a6 Rea5 48.h4 Kg7 49.hxg5 Rxg5 50.Ra7 Rh5+
51.Kg1 Ra1+ 52.Kf2 Ra2+ 53.Kg1 Ra1+ 54.Kf2 Rha5 55.Ke3 R1a3+ 56.Kd4 Rxa6
57.Rb7 R6a4+ 58.Ke5 Rd3  0-1

[Event "ch-FRA Top 16 Poule Basse"]
[Site "Port Barcares FRA"]
[Date "2005.05.05"]
[Round "9"]
[White "Flear,G"]
[Black "Crouan,S"]
[Result "1-0"]
[WhiteElo "2475"]
[BlackElo "2242"]

1.d4 d5 2.c4 c6 3.Nc3 Nf6 4.e3 e6 5.Nf3 Nbd7 6.Bd3 Be7 7.O-O O-O 8.e4 dxe4
9.Nxe4 Nxe4 10.Bxe4 Nf6 11.Bc2 c5 12.Bg5 cxd4 13.Qd3 g6 14.Rad1 Nd7 15.Bxe7 Qxe7
16.Qxd4 Nf6 17.Ne5 b6 18.Qh4 Nd5 19.Qxe7 Nxe7 20.Be4 Rb8 21.Nd7 Bxd7 22.Rxd7 Nf5
23.Bxf5 gxf5 24.Rxa7 Rfd8 25.b3 Rd2 26.f4 h5 27.h4 Rbd8 28.Rf2 Rd1+ 29.Kh2 R8d4
30.Ra6 e5 31.Rxb6 e4 32.Rb5 Re1 33.Rxf5 e3 34.Rc2 f6 35.Kg3 Re4 36.Kf3 Re6
37.Re2  1-0

[Event "10th Open"]
[Site "Stuttgart GER"]
[Date "2005.05.05"]
[Round "1"]
[White "Ratzmann,I"]
[Black "Zeller,F"]
[Result "0-1"]
[WhiteElo "2064"]
[BlackElo "2426"]

1.d4 Nf6 2.c4 e6 3.Nf3 d5 4.Nc3 c6 5.e3 Nbd7 6.Qc2 Be7 7.b3 b6 8.Be2 Bb7
9.O-O O-O 10.Bb2 Rc8 11.e4 c5 12.exd5 exd5 13.Qf5 dxc4 14.Bxc4 cxd4 15.Nxd4 Rc5
16.Qf4 Nh5 17.Qd2 Qa8 18.Nf5 Rxf5 19.Qxd7 Rg5 20.g3 Nf4 21.h4 Bc8 22.Bd5 Nxd5
23.Nxd5 Bxd7  0-1

[Event "ch-FRA Top 16 Poule Haute"]
[Site "Port Barcares FRA"]
[Date "2005.05.06"]
[Round "10"]
[White "Jussupow,Ar"]
[Black "Schenk,A"]
[Result "1/2-1/2"]
[WhiteElo "2601"]
[BlackElo "2492"]

1.d4 Nf6 2.Nf3 d5 3.e3 c6 4.c4 e6 5.Nc3 Nbd7 6.Bd3 dxc4 7.Bxc4 b5 8.Bd3 Bb7
9.e4 b4 10.Na4 c5 11.e5 Nd5 12.O-O cxd4 13.Re1 Be7 14.Nxd4 O-O 15.Qg4 Kh8
16.Qh3 g6 17.Bh6 Rg8 18.Rad1 a6 19.Qg3 Rc8 20.Nf3 Qe8 21.Ng5 Bc6 22.b3 Bxa4
23.bxa4 Rc3 24.Qh4 Nc5 25.Bc4 Nb6 26.Qf4 Rf8 27.Bf1 Nd5 28.Rxd5 exd5 29.Bxf8 Qxf8
30.Nxf7+ Kg7 31.e6 Nxe6 32.Qe5+ Bf6 33.Qxe6 Qxf7 34.Qxf7+ Kxf7 35.Bxa6 Rc2
36.Bb7 Rd2 37.Kf1 Kg7  1/2-1/2

[Event "SME Open"]
[Site "Ostrava CZE"]
[Date "2005.05.07"]
[Round "8"]
[White "Kociscak,J"]
[Black "Vesely,L"]
[Result "0-1"]
[WhiteElo "2030"]
[BlackElo "2084"]

1.d4 d5 2.c4 c6 3.Nc3 Nf6 4.e3 e6 5.Nf3 Nbd7 6.Qc2 Be7 7.Bd2 O-O 8.g4 Nxg4
9.Rg1 f5 10.h3 Ngf6 11.O-O-O Ne4 12.Be1 b6 13.Nd2 Ba6 14.Ndxe4 fxe4 15.Bd2 Nf6
16.Be2 Rc8 17.Qa4 Bxc4 18.Bxc4 b5 19.Bxb5 cxb5 20.Qxb5 Qc7 21.Qa6 Qd7 22.Kb1 Ne8
23.Qe2 Rb8 24.Rc1 Nd6 25.Ka1 Rf3 26.Rg3 Rbf8 27.Rcg1 Rxg3 28.fxg3 Rf3 29.b3 Qc8
30.Rc1 Qf8 31.Be1 Nf5 32.g4 Rxe3 33.Qa6 Nxd4 34.Bd2 Rd3 35.Ne2 Qf2 36.Nxd4 Qxd4+
37.Kb1 Qb6 38.Qc8+ Bf8 39.Rc6 Qg1+ 40.Bc1 Qf1 41.Rxe6 Rd1 42.Re8 h6 43.h4 Kh7
44.h5 d4 45.Kb2 Rxc1 46.Rxf8 Rxc8 47.Rxf1 d3 48.Rd1 Rc2+ 49.Kb1 Rf2  0-1

[Event "ch-FRA National 1"]
[Site "Lille FRA"]
[Date "2005.05.08"]
[Round "11"]
[White "Poesson,T"]
[Black "L'Huillier,T"]
[Result "0-1"]
[WhiteElo "2042"]
[BlackElo "2142"]

1.d4 d5 2.c4 e6 3.Nf3 Nf6 4.Nc3 c6 5.e3 Nbd7 6.Qc2 a6 7.Bd3 dxc4 8.Bxc4 b5
9.Bd3 Bb7 10.O-O Be7 11.Ne5 c5 12.Nxd7 Qxd7 13.dxc5 Qc6 14.f3 Bxc5 15.Ne4 Be7
16.Qxc6+ Bxc6 17.Nxf6+ Bxf6 18.Rb1 O-O 19.Kf2 Rfd8 20.Rd1 b4 21.Be2 Rdc8
22.e4 Ba4 23.b3 Bb5 24.Bxb5 axb5 25.Be3 Rxa2+ 26.Kg3 Rcc2 27.e5 Rxg2+ 28.Kf4 Bg5+
29.Ke4 h5 30.Bxg5 Rxg5 31.Rd8+ Kh7 32.Rc1 Re2+ 33.Kd3 Rgxe5 34.Rcc8 R5e3+
35.Kd4 Rxf3 36.Rh8+ Kg6 37.h4 e5+ 38.Kd5 Rd3+ 39.Kc6 Rc2+ 40.Kxb5 Rxc8 41.Rxc8 Rxb3
42.Re8 Kf6 43.Kc4 Rc3+ 44.Kxb4 Rc7 45.Ra8 e4 46.Ra5 e3 47.Ra2 Kf5 48.Rg2 f6  0-1

[Event "Torch Real Estate Cup"]
[Site "Wuxi CHN"]
[Date "2005.05.09"]
[Round "8"]
[White "Sun Chuyao"]
[Black "Zhou Weiqi"]
[Result "1/2-1/2"]
[WhiteElo "2224"]
[BlackElo "2397"]

1.d4 d5 2.Nf3 e6 3.c4 c6 4.e3 Nf6 5.Nc3 Nbd7 6.Qc2 Bd6 7.b3 O-O 8.Be2 Re8
9.O-O dxc4 10.bxc4 e5 11.Bd3 Qe7 12.Bf5 Nf8 13.Bxc8 Raxc8 14.Ne4 Nxe4 15.Qxe4 Nd7
16.Bb2 Nf6 17.Qh4 e4 18.Ne5 c5 19.Rfe1 cxd4 20.exd4 Ba3 21.Rab1 Bxb2 22.Rxb2 b6
23.Qf4 Qd6 24.Qe3 Rcd8 25.Qb3 Qc7 26.Qe3 h6 27.h3 Rd6 28.Rd2 Nd7 29.Nxd7 Rxd7
30.Rc1 f5 31.f4 Kh7 32.c5 Red8 33.g4 g6 34.gxf5 gxf5 35.c6 Rd6 36.d5 Rxd5
37.Rxd5 Rxd5 38.Qb3 Qg7+ 39.Kh1 Rd3 40.c7 Rxb3 41.axb3 Qg3 42.c8=Q Qxh3+  1/2-1/2

[Event "Torch Real Estate Cup"]
[Site "Wuxi CHN"]
[Date "2005.05.11"]
[Round "10"]
[White "Wang Yaoyao"]
[Black "Yu Lie"]
[Result "1-0"]
[WhiteElo "2456"]
[BlackElo "2328"]

1.d4 d5 2.Nf3 Nf6 3.c4 c6 4.Nc3 e6 5.e3 Nbd7 6.Qc2 Bd6 7.b3 O-O 8.Be2 a6
9.O-O b5 10.e4 dxe4 11.Nxe4 Nxe4 12.Qxe4 Nf6 13.Qh4 bxc4 14.bxc4 c5 15.dxc5 Bxc5
16.Rd1 Qe7 17.Ne5 Bb7 18.Bg5 Rfe8 19.Nd7 Qxd7 20.Rxd7 Nxd7 21.Qg3 Rac8 22.Rd1 Bc6
23.h4 f6 24.Bh6 Bf8 25.h5 Kh8 26.Bf4 Nc5 27.Be3 Ne4 28.Qh4 Nc3 29.Rd2 Ne4
30.Rb2 Red8 31.Bf3 Nd6 32.Bxc6 Rxc6 33.c5 Nf5 34.Qe4 Rdc8 35.Rb6 R6c7 36.c6 Ne7
37.Qxe6 Nxc6 38.Rxa6 Nb4 39.Ra7 Nc2 40.Rxc7 Rxc7 41.Bf4  1-0

[Event "Torch Real Estate Cup"]
[Site "Wuxi CHN"]
[Date "2005.05.13"]
[Round "12"]
[White "Li Bo"]
[Black "Xu Hanbing"]
[Result "1/2-1/2"]
[WhiteElo "2319"]
[BlackElo "2290"]

1.d4 d5 2.Nf3 Nf6 3.c4 e6 4.Nc3 c6 5.e3 Nbd7 6.Qc2 Bd6 7.b3 O-O 8.Bb2 Qe7
9.Be2 dxc4 10.bxc4 e5 11.O-O Re8 12.Ne4 Nxe4 13.Qxe4 Nf6 14.Qh4 exd4 15.Bxd4 Ne4
16.Qxe7 Bxe7 17.Rab1 c5 18.Bd3 cxd4 19.Bxe4 dxe3 20.fxe3 Bc5 21.Bxb7 Bxb7
22.Rxb7 Bxe3+ 23.Kh1 Rac8 24.Re1 Kf8 25.Rb3 Bb6 26.Rxe8+ Rxe8 27.Rb2 f5 28.Rc2 Bc5
29.g3 Kf7 30.Kg2 Kf6 31.Ng1 Re1 32.Nf3 Re3 33.Ng1 Re1 34.Nf3 Re8 35.Kf1 g5
36.Nd2 h5 37.Nb3 Bb6 38.c5 Bc7 39.Nd4 a6 40.Nc6 Re4 41.Rb2 Rc4 42.Rb7 Rc1+
43.Ke2 Be5 44.Rb6 Rxc5 45.Rxa6 Kf7 46.a4 f4 47.Nxe5+ Rxe5+ 48.Kf3 Re3+ 49.Kf2 fxg3+
50.hxg3 Ra3 51.a5 h4 52.gxh4 gxh4 53.Kg2 Ke7 54.Ra8 Kd6 55.a6 Kc7 56.Kh2 Kb6
57.Rb8+ Ka7  1/2-1/2

[Event "Torch Real Estate Cup"]
[Site "Wuxi CHN"]
[Date "2005.05.14"]
[Round "13"]
[White "Yang Ning"]
[Black "Liu Pei"]
[Result "1-0"]
[WhiteElo "2164"]
[BlackElo "2290"]

1.d4 d5 2.c4 c6 3.Nf3 Nf6 4.Nc3 e6 5.e3 Nbd7 6.Qc2 Bd6 7.b3 O-O 8.Be2 Re8
9.O-O Qe7 10.Bb2 b6 11.Rad1 Bb7 12.Rfe1 Rad8 13.e4 dxe4 14.Nxe4 Nxe4 15.Qxe4 f5
16.Qc2 Bb4 17.Rf1 Nf6 18.Ne5 Bd6 19.c5 bxc5 20.Nc4 cxd4 21.Nxd6 Qxd6 22.Bxd4 Nd5
23.Bxa7 Qf4 24.Bc4 Ra8 25.Bc5 Kh8 26.Rfe1 Qg5 27.Re5 Rad8 28.Bxd5 cxd5 29.Be3 Qh5
30.Bd4 Ba6 31.Rde1 Rc8 32.Qd2 Qf7 33.h3 h6 34.Qe3 f4 35.Qf3 Rc2 36.Rh5 Kh7
37.Rh4 g5 38.Rg4 Rd2 39.Qc3 Rd3 40.Qa5 Rxd4 41.Qxa6 Re7 42.h4 Qf5 43.Qd6 Rf7
44.f3 e5 45.Qxe5 Qxe5 46.Rxe5 gxh4 47.Rxh4 Rd2 48.Re6 Rxa2 49.Rexh6+ Kg8
50.Rh8+ Kg7 51.R8h7+ Kf8 52.Rxf7+ Kxf7 53.Rxf4+ Ke6 54.Rb4 Ke5 55.f4+ Kf5
56.Rd4 Ke6 57.Kh2 Rb2 58.b4 Rc2 59.Kg3 Rc3+ 60.Kf2 Rc2+ 61.Kf3 Rc3+ 62.Kg4 Rc2
63.g3 Rc3 64.Rd1 Rb3 65.Re1+ Kd6 66.f5 Rxb4+ 67.Kf3 Rb3+ 68.Re3 Rb1 69.g4 d4
70.Re8 Rb3+ 71.Kf4 Kd7 72.Re4 d3 73.Ke3 Kd6 74.Rd4+ Ke5 75.Rxd3 Rb4 76.Kf3 Rb6
77.Re3+ Kf6 78.Kf4 Rb4+ 79.Re4 Rb6 80.Rc4 Ra6 81.g5+ Kf7 82.Rc7+ Kf8  1-0

[Event "48th TCh-SCG"]
[Site "Herceg Novi SCG"]
[Date "2005.05.15"]
[Round "1"]
[White "Bodiroga,P"]
[Black "Ivanovic,B"]
[Result "1-0"]
[WhiteElo "2418"]
[BlackElo "2428"]

1.d4 d5 2.c4 c6 3.Nc3 Nf6 4.e3 e6 5.Nf3 Nbd7 6.Qc2 Bd6 7.Bd3 O-O 8.O-O a6
9.Rd1 Qe7 10.c5 Bc7 11.e4 dxe4 12.Nxe4 Nxe4 13.Bxe4 f5 14.Bd3 e5 15.Bg5 Qe8
16.dxe5 Nxe5 17.Nxe5 Qxe5 18.f4 Qe3+ 19.Kh1 Qe8 20.Re1 Qh5 21.Rad1 h6 22.Be2 Qg6
23.Bc4+ Kh7 24.Be7 Rh8 25.Bd6 b5 26.Bd3 Bxd6 27.cxd6 Rd8 28.Qxc6 Rd7 29.Qc5 Rf7
30.Bf1 Rd7 31.Qb6 Bb7 32.Rd2 h5 33.Red1 h4 34.Qf2 Qh6 35.h3 Be4 36.b3 g5
37.fxg5 Qxg5 38.Rd4 Rg8 39.a4 Rg6 40.R1d2 bxa4 41.bxa4 Qd8 42.Qf4 Rg3 43.Kh2 a5
44.Rxe4 fxe4 45.Qxe4+ Kh8 46.Rd5  1-0

[Event "Capablanca Mem Premier 1"]
[Site "Havana CUB"]
[Date "2005.05.16"]
[Round "10"]
[White "Vera,R"]
[Black "Perez,Rod"]
[Result "1/2-1/2"]
[WhiteElo "2507"]
[BlackElo "2437"]

1.d4 d5 2.c4 c6 3.Nc3 Nf6 4.e3 e6 5.Nf3 a6 6.Qc2 c5 7.dxc5 Bxc5 8.a3 dxc4
9.Bxc4 Nbd7 10.Bd3 b5 11.Ne4 Qb6 12.b4 Be7 13.Bb2 Bb7 14.Rc1 Nxe4 15.Bxe4 Nf6
16.Bxb7 Qxb7 17.O-O O-O 18.Ng5 Rac8 19.Qb1 h6 20.Bxf6  1/2-1/2

[Event "48th TCh-SCG"]
[Site "Herceg Novi SCG"]
[Date "2005.05.16"]
[Round "2"]
[White "Vlatkovic,S"]
[Black "Bodiroga,P"]
[Result "0-1"]
[WhiteElo "2308"]
[BlackElo "2418"]

1.d4 d5 2.c4 c6 3.Nf3 Nf6 4.Nc3 e6 5.e3 Nbd7 6.Bd3 dxc4 7.Bxc4 b5 8.Bd3 Bd6
9.Ng5 Bb7 10.f4 a6 11.e4 b4 12.e5 bxc3 13.bxc3 Be7 14.exf6 Nxf6 15.Rb1 Rb8
16.O-O O-O 17.f5 exf5 18.Bf4 Bd6 19.Bxd6 Qxd6 20.Rxf5 g6 21.Rf2 c5 22.Bc4 Bd5
23.Rxb8 Rxb8 24.Bxd5 Qxd5 25.h4 Kg7 26.Qf1 Rb6 27.Rf4 h6 28.Nf3 Nh5 29.Rg4 Qf5  0-1

[Event "Chigorin CC"]
[Site "St Petersburg RUS"]
[Date "2005.05.16"]
[Round "1"]
[White "Fedoseev,S"]
[Black "Tomberg,S"]
[Result "1-0"]
[WhiteElo "2302"]
[BlackElo "2051"]

1.d4 d5 2.c4 c6 3.Nc3 Nf6 4.Nf3 e6 5.e3 Nbd7 6.Bd3 dxc4 7.Bxc4 b5 8.Bd3 Bd6
9.O-O Qc7 10.e4 e5 11.d5 a6 12.dxc6 Qxc6 13.Bg5 O-O 14.Nd5 Nxd5 15.exd5 Qb6
16.Rc1 Bb7 17.Bf5 Nb8 18.Be3 Qd8 19.Ng5 g6 20.Bb1 Be7 21.Ne4 Bxd5 22.Bc5 Nc6
23.Bxe7 Nxe7 24.Qe2 Bc4 25.Nf6+ Kg7 26.Qxe5 Rg8 27.Nxg8+ Kxg8 28.Rfd1 Qf8
29.b3 Be6 30.Be4 Rb8 31.Qd6 Nf5 32.Bxf5 Bxf5 33.Qxa6 Ra8 34.Qxb5 Rxa2 35.Qc5 Qe8
36.Re1 Be6 37.b4 Qb8 38.b5 Rb2 39.Rb1 Rxb1 40.Rxb1 Bf5 41.Re1 Qd8 42.b6 Qd2
43.Qe3 Qb4 44.h3 Be6 45.Rc1 h5 46.Qc5 Qe4 47.Qc2 Qf4 48.b7 Kh7 49.Qc7 Qg5
50.h4 Qg4 51.b8=Q Bd5 52.Qg3  1-0

[Event "FSGM May"]
[Site "Budapest HUN"]
[Date "2005.05.17"]
[Round "11"]
[White "Koneru,H"]
[Black "Ilincic,Z"]
[Result "1-0"]
[WhiteElo "2508"]
[BlackElo "2473"]

1.Nf3 Nf6 2.c4 e6 3.Nc3 d5 4.d4 c6 5.e3 Nbd7 6.Bd3 Be7 7.O-O b6 8.b3 Bb7
9.Bb2 O-O 10.Qe2 Rc8 11.Rfd1 Rc7 12.e4 dxe4 13.Nxe4 c5 14.dxc5 bxc5 15.Nfg5 h6
16.Nxf6+ Bxf6 17.Bxf6 gxf6 18.Qh5 fxg5 19.Qxh6 f5 20.Qg6+ Kh8 21.Qh6+ Kg8
22.Qxe6+ Kg7 23.Bxf5 Rxf5 24.Qxf5 Qe7 25.Re1 Qf6 26.Qxf6+ Nxf6 27.h3 Nh5
28.Rad1 Nf4 29.f3 Bc8 30.Rd6 Kf7 31.h4 gxh4 32.Rh6 Bf5 33.Rxh4 Nd3 34.Rd1 Kf6
35.Rh6+ Kg5 36.Rd6 Nf4 37.Re1 Nd3 38.Re3 Nb4 39.g3 Bg6 40.f4+  1-0

[Event "ch-LAT"]
[Site "Riga LAT"]
[Date "2005.05.17"]
[Round "7"]
[White "Kengis,E"]
[Black "Klovans,J"]
[Result "1-0"]
[WhiteElo "2537"]
[BlackElo "2462"]

1.d4 d5 2.c4 e6 3.Nf3 Nf6 4.Nc3 c6 5.e3 Nbd7 6.Bd3 dxc4 7.Bxc4 b5 8.Bd3 a6
9.e4 c5 10.e5 cxd4 11.Nxb5 axb5 12.exf6 gxf6 13.O-O Qb6 14.Qe2 b4 15.Rd1 Bg7
16.Be4 Bb7 17.Rxd4 f5 18.Bxb7 Qxb7 19.Rh4 Nc5 20.Bh6 Bxh6 21.Rxh6 Ne4 22.Nd2 Nxd2
23.Qxd2 Rd8 24.Qe3 Qd5 25.g3 Rc8 26.Rh4 Kf8 27.Rd4 Qb7 28.Rad1 h6 29.Qe5  1-0

[Event "ch-UKR sf"]
[Site "Alushta UKR"]
[Date "2005.05.18"]
[Round "3"]
[White "Truskavetsky,A"]
[Black "Kovalenko,I"]
[Result "1-0"]
[WhiteElo "2374"]
[BlackElo "2270"]

1.d4 d5 2.c4 c6 3.Nf3 Nf6 4.e3 e6 5.Nc3 Nbd7 6.Qc2 Bd6 7.Bd3 dxc4 8.Bxc4 O-O
9.O-O b5 10.Be2 Bb7 11.e4 e5 12.Bg5 Qc7 13.Rad1 Rfe8 14.dxe5 Bxe5 15.Nxe5 Qxe5
16.Be3 b4 17.Na4 Qxe4 18.Bd3 Qh4 19.Bf5 Ne5 20.h3 Rad8 21.Nc5 Bc8 22.Bxc8 Rxc8
23.Rd4 Qh5 24.Rxb4 Nd5 25.Rb7 a5 26.Bd2 Ng6 27.Qc4 Ne5 28.Qc2 Ng6 29.Qc4 Ne5
30.Qd4 a4 31.Nxa4 Rcd8 32.Ba5 Rd6 33.f4 Ng6 34.f5 Nge7 35.Bb4 Nxf5 36.Rxf5 Qxf5
37.Bxd6 Re1+ 38.Kh2 h5 39.Rb8+ Kh7 40.Rb3 Re4 41.Qd3 Qg6 42.Nc5 Qxd6+ 43.Kh1 Qxc5
44.Qxe4+ Kh6 45.Qe1 Qc2 46.Rb8 g6 47.Qe5 f6 48.Qd4 c5 49.Qg1 Nf4 50.Rh8+ Kg5
51.Rc8 c4 52.Qf1 Nd3 53.h4+ Kxh4 54.Qxf6+ Kg3 55.Qf3+ Kh4 56.Qh3+ Kg5 57.Qg3+ Kf6
58.Rc6+ Kf5 59.Qxg6+ Kf4 60.Qf6+ Ke3 61.Re6+ Kd2 62.Qf1 Qd1 63.Qxd1+ Kxd1
64.Rb6 Kc2 65.a4 Nxb2 66.a5 c3 67.a6 Nc4 68.Rf6 Kb2 69.a7 c2 70.a8=Q c1=Q+
71.Kh2 Qg5 72.Qb8+ Kc2 73.Rf2+ Nd2 74.Qg3 Qd5 75.Qe3 Kd1 76.Qe2+ Kc2 77.Kh3 Qd7+
78.Kh4 Qd8+ 79.Kxh5 Qh8+ 80.Kg4 Qg7+ 81.Kh3 Qh6+ 82.Kg3 Qd6+ 83.Kh4 Qd8+
84.Kh3 Qh8+ 85.Kg3 Qb8+ 86.Rf4 Qd6 87.Qf2 Qh6 88.Rd4 Qg5+ 89.Kh2 Qh5+ 90.Qh4 Qe5+
91.Qf4 Qh5+ 92.Kg3 Nb3 93.Rc4+ Kb2 94.Qf6+ Ka3 95.Rc3 Qe8 96.Qf3 Qe1+ 97.Kh3 Qe6+
98.Kh2 Qh6+ 99.Kg1 Qb6+ 100.Qe3  1-0

[Event "Capablanca Mem Premier 1"]
[Site "Havana CUB"]
[Date "2005.05.18"]
[Round "12"]
[White "Gonzalez,Y"]
[Black "Mosquera,M"]
[Result "0-1"]
[WhiteElo "2482"]
[BlackElo "2434"]

1.d4 d5 2.c4 c6 3.Nc3 Nf6 4.Nf3 e6 5.e3 Nbd7 6.Qc2 Bd6 7.g4 Nxg4 8.Rg1 Qf6
9.Rxg4 Qxf3 10.Rxg7 Nf6 11.Rg5 Ne4 12.Nxe4 dxe4 13.c5 Bxh2 14.Bg2 Qf6 15.Rh5 Bc7
16.Qxe4 Bd7 17.Bd2 O-O-O 18.f4 Qg6 19.Rg5 Qh6 20.O-O-O f6 21.Rg3 e5 22.Rh1 Qf8
23.fxe5 fxe5 24.dxe5 Qxc5+ 25.Bc3 Rhe8 26.Qd4 Qxe5 27.Rg7 Qxe3+ 28.Qxe3 Rxe3
29.Bd2 Re2 30.Rhxh7 Be5 31.Bf3 Bxb2+ 32.Kxb2 Rxd2+ 33.Kc3 Rxa2 34.Bg4 Bxg4  0-1